000 00336cam a2200157ua 4500
001 1224
008 121109n II |||gr||||Z||||||asm
040 _aMAIN
041 _aEnglish
082 _a900 DAS
100 _aDAS, BHUBAN MOHAN.
245 _aMANABAR ADI KATHA
300 _c20CM.
653 _aHistory & geography
942 _cBK
999 _c1223
_d1223